000 00286 a2200121 4500
000 nam a22 7a 4500
005 20260130123012.0
020 _a9781836192181
100 _aShannon Davis
_91112944
245 _aClinical Psychology
260 _bEdtech Press
_c2026
942 _cTEXL
999 _c1678420
_d1678420